The natural history of the mind /

Bibliographic Details
Main Author: Taylor, Gordon Rattray
Format: Book
Language:English
Published: New York : Dutton, 1979.
Edition:1st American ed.
Subjects:

MARC

Tag First Indicator Second Indicator Subfields
LEADER 00000cam a2200000 i 4500
001 in00000033561
005 20151007061857.0
008 800114r1979 nyua b 00110 eng
010 |a  79088891  
020 |a 0525164243 :  |c $14.95 
035 |a (OCoLC)05940681 
035 |9 AAD3347AM 
040 |a DLC  |c DLC  |d SBH  |d TXA  |d UtOrBLW 
049 |a TXAM  |c [1192255] 
050 0 0 |a QP360  |b .T39 1979 
060 0 |a WL 103 T241n 1979 
082 0 |a 152 
100 1 |a Taylor, Gordon Rattray. 
245 1 4 |a The natural history of the mind /  |c Gordon Rattray Taylor. 
250 |a 1st American ed. 
264 1 |a New York :  |b Dutton,  |c 1979. 
300 |a xii, 370 pages :  |b illustrations ;  |c 25 cm. 
336 |a text  |b txt  |2 rdacontent 
337 |a unmediated  |b n  |2 rdamedia 
338 |a volume  |b nc  |2 rdacarrier 
500 |a Includes index. 
504 |a Bibliography: pages 341-357. 
650 0 |a Neuropsychology. 
650 0 |a Brain. 
650 0 |a Mind and body. 
650 2 |a Brain. 
650 2 |a Psychology. 
650 2 |a Psychophysiology. 
999 |a MARS 
999 f f |s 44f68aaa-4410-3117-8804-d04c618cb645  |i 213bd31b-485a-3ca0-9ae5-61acd19429bb  |t 0 
952 f f |p ric  |a Texas A&M University  |b Rellis Campus  |c Joint Library Facility  |d Remote Storage  |t 0  |e QP360 .T39 1979  |h Library of Congress classification  |i unmediated -- volume  |m A14805011176 
998 f f |a QP360 .T39 1979  |t 0  |l Remote Storage